[Event "FIDE GP Beijing"]
[Site "Beijing CHN"]
[Date "2013.07.04"]
[Round "1.4"]
[White "Leko,P"]
[Black "Mamedyarov,S"]
[Result "1/2-1/2"]
[WhiteElo "2737"]
[BlackElo "2761"]

1.e4 c5 2.Nf3 d6 3.d4 cxd4 4.Nxd4 Nf6 5.Nc3 a6 6.h3 e5 7.Nde2 h5 8.g3 Be7
9.Bg2 b5 10.Nd5 Nbd7 11.Nec3 Bb7 12.Nxe7 Qxe7 13.Bg5 Qe6 14.O-O Rc8 15.Re1 b4
16.Na4 Rc4 17.f3 h4 18.g4 d5 19.b3 Rd4 20.Qxd4 exd4 21.exd5 Nxd5 22.Rxe6+ fxe6
23.Rd1 e5 24.f4 Ne3 25.Bxb7 Nxd1 26.Bc6 exf4 27.Nc5 O-O 28.Nxd7 Re8 29.Kf1 Re3
30.Bxf4 Rxh3 31.Ne5 Rc3 32.Bd5+ Kf8 33.Be4 Ne3+ 34.Ke2 h3 35.g5 a5 36.Nf3 Nxc2
37.Bd2 Rc7 38.Kd3 Ne3 39.Bxe3 dxe3 40.Kxe3 Ke7 41.Bf5 Rc3+ 42.Kf4 a4 43.bxa4 Ra3
44.Bxh3 Rxa4 45.Ke3 Rxa2 46.Bf5 b3 47.Nd2 Ra5 48.Bd3 Rxg5 49.Nxb3 Rg3+ 50.Kd4 Rxd3+
51.Kxd3  1/2-1/2

[Event "FIDE GP Beijing"]
[Site "Beijing CHN"]
[Date "2013.07.05"]
[Round "2.3"]
[White "Mamedyarov,S"]
[Black "Kamsky,G"]
[Result "1/2-1/2"]
[WhiteElo "2761"]
[BlackElo "2763"]

1.d4 d5 2.c4 c6 3.Nc3 Nf6 4.Nf3 a6 5.e3 g6 6.Qb3 Bg7 7.Bd3 O-O 8.O-O e6 9.e4 dxe4
10.Nxe4 Nxe4 11.Bxe4 Qc7 12.c5 Nd7 13.Bg5 Re8 14.Rfe1 e5 15.Bd3 Nf8 16.Nxe5 Be6
17.Bc4 Bxc4 18.Qxc4 Bxe5 19.dxe5 Rxe5 20.Bf4 Rxe1+ 21.Rxe1 Qd7 22.h3 Re8
23.Rxe8 Qxe8 24.Qb4 Ne6 25.Bd6 Qd7 26.g4 f6 27.f4 Ng7 28.Kf2 h5 29.Kf3 Qf7
30.Kg3 Qd5 31.Qxb7 Qd3+ 32.Kg2 Qe2+ 33.Kg1 Qe1+ 34.Kg2 Qe2+ 35.Kg1 Qe1+ 36.Kg2  1/2-1/2

[Event "FIDE GP Beijing"]
[Site "Beijing CHN"]
[Date "2013.07.06"]
[Round "3.5"]
[White "Ivanchuk,V"]
[Black "Mamedyarov,S"]
[Result "0-1"]
[WhiteElo "2733"]
[BlackElo "2761"]

1.d4 Nf6 2.c4 e6 3.Nf3 d5 4.g3 dxc4 5.Qa4+ Nc6 6.Bg2 Bd7 7.Qxc4 Bd6 8.Nc3 O-O
9.O-O Rb8 10.Rd1 h6 11.e4 b5 12.Qd3 b4 13.Ne2 e5 14.dxe5 Nxe5 15.Nxe5 Bxe5
16.Qc2 Qe8 17.Rb1 c5 18.Qxc5 Bc6 19.f3 Bc7 20.Qf2 Bb6 21.Be3 Bxe4 22.fxe4 Ng4
23.Bxb6 Nxf2 24.Bxf2 Qa4 25.Nd4 Qxa2 26.Nc6 Rb7 27.e5 Rd7 28.Bc5 Rxd1+ 29.Rxd1 Re8
30.Bxb4 Qxb2 31.Bd5 Re6 32.Bd6 a5 33.Rf1 Qd2 34.Bxe6 fxe6 35.Ne7+ Kh7 36.Rf3 a4
37.Ra3 Qe1+ 38.Kg2 Qe2+ 39.Kg1 g5 40.Ra1 Qe3+ 41.Kg2 Qe4+ 42.Kh3 g4+ 43.Kh4 Qe3  0-1

[Event "FIDE GP Beijing"]
[Site "Beijing CHN"]
[Date "2013.07.09"]
[Round "5.6"]
[White "Grischuk,A"]
[Black "Mamedyarov,S"]
[Result "1-0"]
[WhiteElo "2780"]
[BlackElo "2761"]

1.c4 Nf6 2.Nc3 e5 3.Nf3 Nc6 4.g3 d5 5.cxd5 Nxd5 6.Bg2 Nb6 7.O-O Be7 8.a3 O-O
9.d3 Be6 10.Be3 Nd5 11.Nxd5 Bxd5 12.Qa4 Re8 13.Rac1 a6 14.Rfd1 Bf8 15.Rc3 h6
16.Rdc1 Rc8 17.Bh3 Rb8 18.Bf5 g6 19.Be4 Bxe4 20.dxe4 Qd7 21.Kg2 Qe6 22.b4 Qg4
23.Qc2 Qe6 24.Qa4 Qg4 25.Qc2 Qe6 26.h3 g5 27.Qa4 Qg6 28.Nd2 Rbd8 29.Rxc6 bxc6
30.Rxc6 Re6 31.Rc4 h5 32.Nf3 Be7 33.Nd2 g4 34.h4 Bf8 35.Qc2 c6 36.Nf1 Red6
37.Bg5 R8d7 38.Be3 Re6 39.Rc3 Rd8 40.Nd2 Bg7 41.Rc5 Bf8 42.Ra5 c5 43.bxc5 Rc6
44.Ra4 Qe6 45.Rc4 Rc7 46.Nb3 Qc6 47.a4 Rb8 48.Qc3 Qe6 49.Nc1 Rb2 50.Qxb2 Qxc4
51.Qxe5 Rc6 52.Qd5 Qxa4 53.Nd3 Re6 54.Bd4 Bg7 55.e5 Bh6 56.Nf4 Bxf4 57.gxf4 Qc2
58.e4 Qd1 59.f5 Re8 60.e6 Qf3+ 61.Kg1  1-0

[Event "FIDE GP Beijing"]
[Site "Beijing CHN"]
[Date "2013.07.10"]
[Round "6.1"]
[White "Karjakin,Sergey"]
[Black "Mamedyarov,S"]
[Result "0-1"]
[WhiteElo "2776"]
[BlackElo "2761"]

1.e4 e5 2.Nf3 Nf6 3.Nxe5 d6 4.Nf3 Nxe4 5.Nc3 Nxc3 6.dxc3 Be7 7.Be3 Nc6 8.Qd2 Be6
9.O-O-O Qd7 10.Kb1 h6 11.h3 a6 12.g4 h5 13.gxh5 Rxh5 14.Rg1 Bf6 15.Bg5 O-O-O
16.Bxf6 gxf6 17.h4 Ne5 18.Qe3 Kb8 19.b3 Bg4 20.Be2 Bxf3 21.Bxf3 Rxh4 22.Bg2 Qf5
23.Rd4 Rg4 24.Rxg4 Nxg4 25.Qd4 Qxf2 26.Qxf2 Nxf2 27.Rf1 Ng4 28.Bh3 Ne5 29.Rxf6 c6
30.Rf2 Rg8 31.c4 Rg3 32.Bf5 Kc7 33.Rh2 Rf3 34.Rh5 a5 35.Kb2 Rg3 36.Rh7 Kb6
37.Bc8 Rg8 38.Bf5 Kc5 39.Rh4 Rg2 40.Rf4 Rg3 41.Bc8 b6 42.a3 Rf3 43.Rxf3 Nxf3
44.Kc3 d5 45.b4+ axb4+ 46.axb4+ Kd6 47.cxd5 cxd5 48.Kd3 Ne5+ 49.Ke3 Nc6 50.c3 Ke5
51.Kd3 Ne7 52.Bb7 Nf5 53.Bc8 Nd6 54.Bg4 f5 55.Bf3 f4 56.Bh5 Nc4 57.Bf3 Ne3
58.Be2 Ng2 59.Bg4 Ne3 60.Be2 Nc4 61.Bf3 Nd6 62.Bh5 Ne4 63.c4 d4 64.Bf3 Ng5
65.Bg4 f3 66.c5 f2 67.Ke2 bxc5 68.bxc5 Kf4 69.c6 Kg3 70.c7 Kg2 71.c8=Q f1=Q+
72.Kd2 Ne4+ 73.Kc2 d3+ 74.Kb2 Kg3 75.Qf5 Qg2+ 76.Ka3 Qh1 77.Bd1 Qxd1 78.Qxe4 Qe2
79.Qg6+ Kf2 80.Qf6+ Qf3 81.Qd4+ Ke2 82.Qe5+ Kf2 83.Qd4+ Kf1 84.Qa1+ Kg2 85.Qg7+ Qg3
86.Qb7+ Kf2 87.Kb2 Ke2 88.Qe4+ Qe3 89.Qg2+ Qf2 90.Qe4+ Kd2 91.Kb3 Qb6+ 92.Kc4 Qa6+
93.Kb3 Qb5+ 94.Ka2 Kc3 95.Qe1+ Kc2  0-1

[Event "FIDE GP Beijing"]
[Site "Beijing CHN"]
[Date "2013.07.11"]
[Round "7.6"]
[White "Mamedyarov,S"]
[Black "Topalov,V"]
[Result "1-0"]
[WhiteElo "2761"]
[BlackElo "2767"]

1.d4 Nf6 2.c4 e6 3.Nc3 Bb4 4.Qc2 O-O 5.Nf3 c5 6.dxc5 Na6 7.g3 Nxc5 8.Bg2 Nce4
9.O-O Bxc3 10.bxc3 d5 11.Ng5 Nd6 12.cxd5 exd5 13.Rd1 Bf5 14.Qb3 h6 15.Nh3 Bxh3
16.Bxh3 Re8 17.Bg2 Rxe2 18.Bxd5 Nxd5 19.Qxd5 Qf6 20.Bf4 Ne4 21.Qd3 Nxc3 22.Rac1 Nxd1
23.Qxe2 Nc3 24.Qc4  1-0

[Event "FIDE GP Beijing"]
[Site "Beijing CHN"]
[Date "2013.07.12"]
[Round "8.2"]
[White "Wang Yue"]
[Black "Mamedyarov,S"]
[Result "1/2-1/2"]
[WhiteElo "2705"]
[BlackElo "2761"]

1.Nf3 Nf6 2.c4 g6 3.Nc3 d5 4.cxd5 Nxd5 5.g3 Bg7 6.Bg2 O-O 7.O-O Nxc3 8.dxc3 c6
9.Qa4 Nd7 10.Be3 Nb6 11.Qc2 Bf5 12.Qc1 e5 13.Nd2 Qe7 14.Ne4 Rfd8 15.Rd1 Rd5
16.Re1 Rdd8 17.Rd1 Rd5 18.Re1 Rd7 19.Rd1 Rad8 20.Rxd7 Rxd7 21.h3 h5 22.a4 Nd5
23.Bc5 Qd8 24.c4 Nf6 25.Nc3 Nh7 26.a5 Ng5 27.h4 Ne6 28.Bxa7 Nd4 29.Bb6 Qf8
30.Ra4 Bc2 31.Ra1 Bf5 32.Ra4 Bc2  1/2-1/2

[Event "FIDE GP Beijing"]
[Site "Beijing CHN"]
[Date "2013.07.14"]
[Round "9.5"]
[White "Mamedyarov,S"]
[Black "Giri,A"]
[Result "1-0"]
[WhiteElo "2761"]
[BlackElo "2734"]

1.d4 Nf6 2.c4 g6 3.Nc3 d5 4.Nf3 Bg7 5.Qa4+ Bd7 6.Qb3 dxc4 7.Qxc4 O-O 8.Bf4 c6
9.e4 b5 10.Qb3 c5 11.dxc5 Qa5 12.Bd2 b4 13.Nd5 Nc6 14.Bd3 Be6 15.Ng5 Rad8
16.Nxe6 fxe6 17.Nxb4 Nd4 18.Qc4 Nd7 19.Nc6 Qxc5 20.Nxd8 Ne5 21.Nxe6 Qd6 22.Nxd4+ Nxc4
23.Bxc4+ Kh8 24.Ne6 Rc8 25.Bd5 Bxb2 26.Rb1 Rc2 27.Rxb2 Rxb2 28.Bc3+ Kg8  1-0

[Event "FIDE GP Beijing"]
[Site "Beijing CHN"]
[Date "2013.07.16"]
[Round "11.4"]
[White "Mamedyarov,S"]
[Black "Gelfand,B"]
[Result "1/2-1/2"]
[WhiteElo "2761"]
[BlackElo "2773"]

1.d4 Nf6 2.c4 g6 3.Nf3 Bg7 4.g3 O-O 5.Bg2 d6 6.O-O c5 7.Nc3 Nc6 8.dxc5 dxc5
9.Be3 Qa5 10.Qb3 Qb4 11.Nd5 Qxb3 12.axb3 Nxd5 13.cxd5 Nd4 14.Nxd4 cxd4 15.Bd2 Bg4
16.Rfe1 d3 17.exd3 Bxb2 18.Ra4 Bd7 19.Rb4 b5 20.Rxe7 a5 21.d6 Rad8 22.Rf4 Be6
23.Bxa5 Rxd6 24.Bb4 Ra6 25.Rxe6 Rxe6 26.Bxf8 Kxf8 27.Re4 Rxe4 28.dxe4 b4
29.e5 Bxe5  1/2-1/2

[Event "FIDE World Cup 2013"]
[Site "Tromso NOR"]
[Date "2013.08.11"]
[Round "1.9"]
[White "Mamedyarov,S"]
[Black "Shoker,S"]
[Result "1-0"]
[WhiteElo "2775"]
[BlackElo "2489"]

1.d4 Nf6 2.Nf3 c5 3.d5 b5 4.Bg5 Ne4 5.h4 g6 6.Bf4 Bg7 7.c3 Bb7 8.h5 e6 9.dxe6 dxe6
10.Qxd8+ Kxd8 11.Nbd2 Nxd2 12.O-O-O Nc6 13.Nxd2 Ke7 14.Ne4 Ne5 15.Nxc5 Bd5
16.e4 Bc6 17.Be2 a5 18.Bg5+ f6 19.Bf4 Nf7 20.Bg4 e5 21.Be3 Ra7 22.h6 Bf8
23.Ne6 Bxh6 24.Bxh6 Nxh6 25.Rxh6 Bd7 26.Nf8 Bxg4 27.Nxg6+ Ke6 28.f3  1-0

[Event "FIDE World Cup 2013"]
[Site "Tromso NOR"]
[Date "2013.08.12"]
[Round "2.9"]
[White "Shoker,S"]
[Black "Mamedyarov,S"]
[Result "1/2-1/2"]
[WhiteElo "2489"]
[BlackElo "2775"]

1.g3 g6 2.Bg2 Bg7 3.c4 Nf6 4.Nf3 O-O 5.O-O d6 6.Nc3 e5 7.d3 Re8 8.Rb1 a5
9.a3 Nc6 10.e4 h6 11.h3 Be6 12.Kh2 Nd7 13.Nd5 Ne7 14.d4 Nc6 15.Be3 a4 16.Rc1 Kh7
17.Re1 exd4 18.Nxd4 Nc5 19.Nb5 Na6 20.Re2 Ne5 21.f4 Nd7 22.Qxa4 Ndc5 23.Qd1 Bxd5
24.Qxd5 c6 25.Qxd6 Nxe4 26.Qxd8 Raxd8 27.Bb6 Nd2 28.Rf2 Nb3 29.Rcc2 Rd7 30.Nc3 Nac5
31.Bxc5 Nxc5 32.b4 Re3 33.Rf3 Rxf3 34.Bxf3  1/2-1/2

[Event "FIDE World Cup 2013"]
[Site "Tromso NOR"]
[Date "2013.08.14"]
[Round "2.1"]
[White "Matlakov,M"]
[Black "Mamedyarov,S"]
[Result "1/2-1/2"]
[WhiteElo "2676"]
[BlackElo "2775"]

1.Nf3 g6 2.e4 d6 3.d4 Nf6 4.Nc3 Bg7 5.Be2 O-O 6.O-O Nc6 7.d5 Nb8 8.h3 c6
9.Bg5 h6 10.Be3 Nbd7 11.Qd2 Kh7 12.Rfe1 Qc7 13.Bf1 a6 14.a4 b6 15.Bd4 Bb7
16.Rad1 Rad8 17.Qe2 Rfe8 18.dxc6 Qxc6 19.e5 dxe5 20.Bxe5 Kg8 21.Bh2 Qc5 22.Nd2 Qb4
23.Nb3 e5 24.Qc4 Qe7 25.Rd2 Rc8 26.Qe2 Qb4 27.Red1 Nc5 28.Qe3 Nce4 29.Nxe4 Nxe4
30.Rd7 Bc6 31.Ra7 Bxa4 32.Rxa6 b5 33.Bd3 Red8 34.Ra1 Nxf2 35.Qxf2 Bxb3 36.Bxg6 e4
37.c3 Qe7 38.Bf5 e3 39.Qf3 e2 40.Re1 Rd1 41.Bg3 Rcd8 42.Ra8 Rxa8 43.Qxa8+ Rd8
44.Qf3 Bc4 45.Be4 b4 46.Kh2 b3 47.Qg4 Qe6 48.Bf5 Qd5 49.Be4 Qe6 50.Bf5 Qd5
51.Be4  1/2-1/2

[Event "FIDE World Cup 2013"]
[Site "Tromso NOR"]
[Date "2013.08.16"]
[Round "2.3"]
[White "Matlakov,M"]
[Black "Mamedyarov,S"]
[Result "1/2-1/2"]
[WhiteElo "2676"]
[BlackElo "2775"]

1.d4 Nf6 2.c4 g6 3.Nc3 d5 4.Nf3 Bg7 5.h4 h6 6.Bf4 dxc4 7.e4 c5 8.d5 b5 9.e5 Nh5
10.Bh2 Bg4 11.Be2 Nd7 12.Nd2 Bxe2 13.Qxe2 b4 14.Na4 c3 15.Nc4 O-O 16.O-O cxb2
17.Naxb2 f5 18.Rad1 Kh7 19.a3 Qc8 20.Na5 Nb6 21.axb4 cxb4 22.Rd2 f4 23.Qe4 f3
24.Nd3 Na4 25.Nc6 Nc3 26.Qc4 a5 27.e6 fxg2 28.Re1 Rf5 29.Nde5 Qe8 30.Nd4 Rc8
31.Qa6 Ra8 32.Qb7 Rf8 33.d6 Rb8 34.Qxe7 Qxe7 35.dxe7 Rfe8 36.Nc4 Ra8 37.Nc6 Bf6
38.N4xa5 Ng7 39.Rd7 Nf5 40.Kxg2 Nxh4+ 41.Kg3 b3 42.Rb7 Nd5 43.Rxb3 g5 44.Rb7 Kg6
45.f3 Nf4 46.Rd1 Nxe6 47.Kf2 Nf5 48.Re1 Ned4 49.Be5 Nxc6 50.Nxc6 Bxe7 51.Nxe7+ Rxe7
52.Rxe7 Nxe7 53.Ra1 Rc8 54.Ra6+ Nc6 55.Kg3 Kf5 56.Bg7 h5 57.Rb6 Rc7 58.Bb2 h4+
59.Kh3 Kf4 60.Bc1+ Kf5 61.Rb5+ Ne5 62.Bxg5 Kxg5 63.Rxe5+ Kf4 64.Re8  1/2-1/2

[Event "FIDE World Cup 2013"]
[Site "Tromso NOR"]
[Date "2013.08.16"]
[Round "2.4"]
[White "Mamedyarov,S"]
[Black "Matlakov,M"]
[Result "1-0"]
[WhiteElo "2775"]
[BlackElo "2676"]

1.d4 Nf6 2.c4 e6 3.Nf3 b6 4.e3 Bb7 5.Bd3 d5 6.O-O Bd6 7.b3 O-O 8.Bb2 Nbd7
9.Nc3 a6 10.Qc2 c5 11.cxd5 exd5 12.Rad1 Qe7 13.Bf5 Rfd8 14.Rfe1 Ne4 15.Nxe4 dxe4
16.Nd2 cxd4 17.exd4 Rac8 18.Qb1 Bb4 19.Bxe4 Bxe4 20.Rxe4 Qg5 21.Nf3 Qd5 22.h3 h6
23.Ne5 Nf6 24.Re2 b5 25.Rd3 Bd6 26.Rf3 Re8 27.Ree3 Bxe5 28.dxe5 Nh7 29.Rg3 Rc7
30.Rd3 Qb7 31.f4 Qc8 32.Kh2 b4 33.Rd6 Rc2 34.e6 f6 35.Rd7 g5 36.Qd1 Nf8 37.fxg5  1-0

[Event "FIDE World Cup 2013"]
[Site "Tromso NOR"]
[Date "2013.08.20"]
[Round "4.1"]
[White "Kamsky,G"]
[Black "Mamedyarov,S"]
[Result "1-0"]
[WhiteElo "2741"]
[BlackElo "2775"]

1.e4 c5 2.Nf3 e6 3.d4 cxd4 4.Nxd4 Nc6 5.Nc3 Qc7 6.f4 d6 7.Be3 Nf6 8.Qf3 a6
9.Bd3 Be7 10.O-O O-O 11.Kh1 Bd7 12.Rae1 b5 13.a3 Rab8 14.Nxc6 Bxc6 15.Qh3 Rfd8
16.Bd2 d5 17.e5 Ne4 18.f5 Nxd2 19.fxe6 Ne4 20.exf7+ Kh8 21.Nxd5 Bxd5 22.Rxe4 g6
23.Ref4 Kg7 24.e6 Rf8 25.Qe3 Bc5 26.Qe1 Bd6 27.Rh4 Be7 28.Qe3 h5 29.Qd4+ Kh6
30.Rxh5+  1-0

[Event "ACP Cup 2013"]
[Site "Riga LAT"]
[Date "2013.09.13"]
[Round "1.1"]
[White "Mamedyarov,S"]
[Black "Kovalenko,I"]
[Result "1/2-1/2"]
[WhiteElo "2775"]
[BlackElo "2644"]

1.d4 d5 2.c4 c6 3.Nf3 Nf6 4.Qb3 e6 5.g3 Be7 6.Bg2 O-O 7.O-O a5 8.Rd1 Nbd7
9.Bf4 b5 10.c5 Ba6 11.Qc2 b4 12.Bf1 Ne4 13.Nbd2 f5 14.Ne5 Nxe5 15.Bxe5 Nxd2
16.Qxd2 Bg5 17.f4 Bf6 18.Bxf6 gxf6 19.a3 b3 20.Rac1 a4 21.Rc3 h5 22.Re3 Kf7
23.Kf2 Bb5 24.Bg2 Rh8 25.Rg1 Qc7 26.h4 Qa5 27.Rc3 Ba6 28.Bf3 Rh7 29.Rd1 Bb5
30.e3 Ke7 31.Rdc1 Kf7 32.Qd1 Rah8 33.Qd2 Ra8 34.Rd1 Ke7 35.Rdc1  1/2-1/2

[Event "ACP Cup 2013"]
[Site "Riga LAT"]
[Date "2013.09.13"]
[Round "1.2"]
[White "Kovalenko,I"]
[Black "Mamedyarov,S"]
[Result "0-1"]
[WhiteElo "2644"]
[BlackElo "2775"]

1.d4 Nf6 2.c4 g6 3.Nc3 d5 4.Nf3 Bg7 5.Qb3 c6 6.Bf4 dxc4 7.Qxc4 Be6 8.Qd3 Nd5
9.Nxd5 cxd5 10.e3 Nc6 11.Be2 Qa5+ 12.Qd2 Rc8 13.O-O Bg4 14.Qd3 O-O 15.h3 Bf5
16.Qb3 Qb4 17.Rfc1 Qxb3 18.axb3 a6 19.Rc3 Nb4 20.Ra5 Rfd8 21.g4 Bd7 22.Bc7 Re8
23.Ra1 f6 24.Kg2 e5 25.Bd6 Nc6 26.Rd1 exd4 27.Nxd4 Nxd4 28.Rxd4 Bc6 29.Rc5 f5
30.Rd2 d4+ 31.Bf3 fxg4 32.hxg4 dxe3 33.fxe3 Rxe3 34.Bxc6 Rxc6 35.Rxc6 bxc6
36.Bc5 Re8 37.b4 Bf8 38.Kf3 Rb8 39.Bxf8 Kxf8 40.Rd7 Rxb4 41.Rxh7 Rxb2 42.Ra7 Rb6
43.Kf4 c5 44.Rc7 a5 45.Ra7 c4 46.Ke3 c3 47.Kd3 Rc6 48.Kc2 Rc5 49.Rd7 g5 50.Ra7 Ke8
51.Rg7 Kd8 52.Ra7 Kc8 53.Rg7 Kb8 54.Re7 a4 55.Re4 Ra5 56.Kxc3 a3 57.Re1 a2
58.Ra1 Kc7 59.Kb2 Kd6 60.Rd1+ Ke5 61.Ka1 Ra4 62.Rf1 Rxg4 63.Kxa2 Rf4 64.Re1+ Re4
65.Rg1 g4 66.Kb3  0-1

[Event "ACP Cup 2013"]
[Site "Riga LAT"]
[Date "2013.09.14"]
[Round "2.1"]
[White "Ponomariov,R"]
[Black "Mamedyarov,S"]
[Result "1-0"]
[WhiteElo "2756"]
[BlackElo "2775"]

1.d4 d5 2.c4 c6 3.Nf3 Nf6 4.e3 g6 5.Nc3 Bg7 6.Be2 O-O 7.O-O Bg4 8.cxd5 cxd5
9.Qb3 b6 10.Bd2 Ne4 11.Be1 Nc6 12.Bb5 Nxc3 13.Bxc3 Qd6 14.Qa4 Bd7 15.Rfc1 Rfc8
16.Qd1 a6 17.Be2 e6 18.Ne1 h5 19.Nd3 a5 20.f4 Ne7 21.Ne5 Nf5 22.Bd2 b5 23.Bd3 Be8
24.Rxc8 Rxc8 25.Bxf5 exf5 26.Bxa5 b4 27.Qd2 Rb8 28.Nd3 b3 29.Bb4 Qa6 30.a3 Bf8
31.Bxf8 Kxf8 32.Rc1 Bb5 33.Qb4+ Kg7 34.Nc5 Qa7 35.Qxb3 Bc4 36.Qc3 h4 37.h3 Qe7
38.b3 Be2 39.a4 g5 40.Qd2 Bh5 41.fxg5 Qxg5 42.Qf2 Re8 43.Rc3 Qg3 44.Kf1 f4
45.Qxg3+ fxg3 46.b4 f5 47.b5 f4 48.b6 fxe3 49.b7 Bf3 50.Rxe3  1-0

[Event "ACP Cup 2013"]
[Site "Riga LAT"]
[Date "2013.09.14"]
[Round "2.2"]
[White "Mamedyarov,S"]
[Black "Ponomariov,R"]
[Result "0-1"]
[WhiteElo "2775"]
[BlackElo "2756"]

1.d4 f5 2.c4 Nf6 3.Nc3 d6 4.Bg5 Nbd7 5.Qc2 g6 6.O-O-O Bg7 7.h4 O-O 8.e3 c6
9.Be2 h6 10.Bf4 Qe8 11.Nf3 Nb6 12.c5 Nbd5 13.Bc4 dxc5 14.dxc5 Be6 15.Be5 Rd8
16.Rd4 Qf7 17.Nxd5 cxd5 18.Bd3 Rc8 19.Kb1 Ne4 20.b4 a5 21.a3 axb4 22.axb4 Bf6
23.Rc1 Qg7 24.Bxf6 Qxf6 25.Qb2 Bf7 26.Bb5 Rc7 27.Rc2 b6 28.c6 Ra8 29.Rd1 Rca7
30.Nd4 e5 31.Nb3 Nd6 32.Be2 Nc4 33.Bxc4 dxc4 34.Nd2 Qxc6 35.Nf3 c3  0-1

[Event "29th ECC Open 2013"]
[Site "Rhodes GRE"]
[Date "2013.10.20"]
[Round "1.4"]
[White "Dolzhikova,O"]
[Black "Mamedyarov,S"]
[Result "0-1"]
[WhiteElo "2237"]
[BlackElo "2759"]

1.e4 c5 2.Nf3 e6 3.c3 Nf6 4.e5 Nd5 5.d4 cxd4 6.cxd4 b6 7.Nc3 Nxc3 8.bxc3 Qc7
9.Bd2 Bb7 10.Bd3 d6 11.O-O Nd7 12.exd6 Bxd6 13.h3 O-O 14.Re1 Rac8 15.Qe2 Bf4
16.Ng5 Bxg5 17.Bxg5 Qxc3 18.Rad1 Bd5 19.Qg4 f5 20.Qh4 Qa5 21.Re3 Rf7 22.Rg3 Nf8
23.Bd2 Qxa2 24.Qg5 Qa4 25.Be2 b5 26.Bh5 g6 27.Bf4 b4 28.Be5 Qd7 29.Qh6 Rg7
30.Bxg7 Qxg7 31.Qd2 a5 32.Bf3 Qd7 33.Bxd5 Qxd5 34.Re3 Nd7 35.Rc1 Rb8 36.Rb1 b3
37.Qb2 a4 38.Rc3 Qd6 39.Qe2 Nf6 40.Qc4 Nd5 41.Rd3 Qd7 42.Rd2 Qc8 43.Qxc8+ Rxc8
44.Kf1 Kf7 45.g3 Ke7 46.Ke1 Kd6 47.h4 Rc4 48.Rbb2 Rc3  0-1

[Event "29th ECC Open 2013"]
[Site "Rhodes GRE"]
[Date "2013.10.22"]
[Round "3.1"]
[White "Mamedyarov,S"]
[Black "Vocaturo,D"]
[Result "1-0"]
[WhiteElo "2759"]
[BlackElo "2557"]

1.d4 Nf6 2.c4 g6 3.g3 Bg7 4.Bg2 d5 5.cxd5 Nxd5 6.e4 Nb6 7.Ne2 c5 8.d5 O-O
9.O-O e6 10.Nec3 Na6 11.Bf4 exd5 12.exd5 Bf5 13.g4 Bxb1 14.Rxb1 c4 15.Qd2 Qd7
16.h3 Nc5 17.b3 Rfe8 18.d6 Rac8 19.Be3 Re6 20.Rfd1 cxb3 21.axb3 Bxc3 22.Qxc3 Ne4
23.Qa5 Nc3 24.Qxa7 Nxd1 25.Rxd1 Na8 26.Qxb7 Qd8 27.d7  1-0

[Event "29th ECC Open 2013"]
[Site "Rhodes GRE"]
[Date "2013.10.23"]
[Round "4.3"]
[White "Mamedyarov,S"]
[Black "Lagarde,Max"]
[Result "1-0"]
[WhiteElo "2759"]
[BlackElo "2523"]

1.c4 f5 2.b3 d6 3.Bb2 e5 4.d4 Nd7 5.e3 Ngf6 6.Nf3 e4 7.Ng5 Qe7 8.Nc3 c6 9.Be2 a6
10.h4 g6 11.d5 Ne5 12.dxc6 bxc6 13.Qd2 h6 14.Nh3 Be6 15.O-O-O Rd8 16.Nf4 Bf7
17.f3 Bg7 18.Ba3 Qa7 19.Qd4 c5 20.Qd2 O-O 21.Bb2 Rfe8 22.fxe4 fxe4 23.Rhf1 a5
24.Qc2 d5 25.Nb5 Qb6 26.cxd5 Nfg4 27.Bxg4 Nxg4 28.Bxg7 Nxe3 29.Qc3  1-0

[Event "29th ECC Open 2013"]
[Site "Rhodes GRE"]
[Date "2013.10.25"]
[Round "6.1"]
[White "Mamedyarov,S"]
[Black "Sasikiran,K"]
[Result "1/2-1/2"]
[WhiteElo "2759"]
[BlackElo "2662"]

1.d4 Nf6 2.c4 e6 3.Nc3 Bb4 4.Qc2 O-O 5.Nf3 d5 6.Bg5 c5 7.e3 cxd4 8.exd4 h6
9.Bh4 Nbd7 10.cxd5 Nb6 11.a3 Bxc3+ 12.bxc3 Nbxd5 13.c4 Nf4 14.Bg3 N6h5 15.Qd2 Qf6
16.Qe3 b5 17.Bxf4 Nxf4 18.g3 Ng6 19.cxb5 Bb7 20.Bg2 a6 21.b6 Ne7 22.O-O Nd5
23.Qe5 Qd8 24.Nd2 Qxb6 25.Rab1 Qa7 26.Ne4 Rad8 27.Rfc1 Ba8 28.h4 Rb8 29.Nc5 Rxb1
30.Rxb1 Rd8 31.Rb3 a5 32.g4 Qc7 33.Qxc7 Nxc7 34.Bxa8 Rxa8 35.Rb7 Nd5 36.g5 hxg5
37.hxg5 Nf4 38.Kh2 Rd8 39.Nd7 Ne2 40.Ne5 Rxd4 41.Rb8+ Kh7 42.g6+ fxg6 43.Nf7 g5
44.Nxg5+ Kg6 45.Nxe6 Rd6 46.Nc5  1/2-1/2

[Event "29th ECC Open 2013"]
[Site "Rhodes GRE"]
[Date "2013.10.26"]
[Round "7.2"]
[White "Movsesian,S"]
[Black "Mamedyarov,S"]
[Result "1/2-1/2"]
[WhiteElo "2696"]
[BlackElo "2759"]

1.e4 e5 2.Nf3 Nc6 3.Bb5 a6 4.Ba4 Nge7 5.Bb3 Ng6 6.h4 Be7 7.d3 h6 8.h5 Nh4
9.Nxh4 Bxh4 10.g3 Bf6 11.Be3 Na5 12.Nc3 d6 13.Nd5 Nxb3 14.axb3 Be6 15.Nxf6+ Qxf6
16.Qe2 d5 17.f3 Qe7 18.g4 f6 19.Bd2 Qc5 20.Be3 Qe7 21.Bd2 Qc5 22.Be3 Qd6
23.Kf2 O-O 24.Kg2 Rfd8 25.Rhd1 Kf7 26.c4 dxe4 27.dxe4 Qe7 28.Rxd8 Rxd8 29.Rd1 Rxd1
30.Qxd1 Ke8 31.c5 Qd7 32.Qxd7+ Kxd7 33.b4 Bb3 34.c6+ bxc6 35.Bc5 Ke8 36.Kf2 Bd1
37.Ke3 Kf7 38.Ba7 Ke8 39.Bc5 Kf7 40.Ba7 Ke8 41.Bc5 Kf7  1/2-1/2

[Event "SportAccord Rapid Men 2013"]
[Site "Beijing CHN"]
[Date "2013.12.12"]
[Round "1.7"]
[White "Grischuk,A"]
[Black "Mamedyarov,S"]
[Result "1-0"]
[WhiteElo "2783"]
[BlackElo "2757"]

1.e4 c6 2.d4 d5 3.e5 Bf5 4.Nf3 e6 5.Be2 Ne7 6.O-O Bg6 7.Nbd2 Nf5 8.Nb3 Nd7
9.Bd2 Be7 10.g4 Nh6 11.Ne1 c5 12.c3 c4 13.Nc1 f5 14.exf6 Bxf6 15.b3 cxb3
16.Qxb3 Nf7 17.Qxb7 O-O 18.Nb3 Nd6 19.Qa6 Qe7 20.Ng2 e5 21.g5 Kh8 22.gxf6 gxf6
23.f3 Rg8 24.Kh1 Bf5 25.Ne3 Bh3 26.Rg1 exd4 27.Nxd4 Nc5 28.Nxd5 Qe5 29.Qc6 Nce4
30.fxe4 Nxe4 31.Be3 Bg2+ 32.Rxg2 Rxg2 33.Qxa8+ Rg8 34.Qc6  1-0

[Event "SportAccord Rapid Men 2013"]
[Site "Beijing CHN"]
[Date "2013.12.12"]
[Round "2.8"]
[White "Mamedyarov,S"]
[Black "Giri,A"]
[Result "0-1"]
[WhiteElo "2757"]
[BlackElo "2734"]

1.d4 Nf6 2.c4 g6 3.Nc3 d5 4.Nf3 Bg7 5.h4 dxc4 6.e4 c5 7.d5 O-O 8.Bxc4 b5
9.Bxb5 Nxe4 10.Nxe4 Qa5+ 11.Nc3 Bxc3+ 12.bxc3 Qxb5 13.h5 Qc4 14.Rh4 Qxc3+
15.Bd2 Qd3 16.hxg6 fxg6 17.Bh6 Qxd1+ 18.Rxd1 Re8 19.Ng5 Nd7 20.Ne6 Rb8 21.Nc7 Rd8
22.Re4 Rb7 23.Bf4 Nf6 24.Rxe7 Rd7 25.Rxd7 Bxd7 26.Rc1 Rb4 27.Be3 c4 28.Bxa7 Rb7
29.Bd4 Rxc7 30.Bxf6 Rc5 31.d6 Kf7 32.Bc3 Rb5 33.a3 Rb3 34.Bb4 Bb5 35.Kd2 Rd3+
36.Kc2 Ba4+ 37.Kb2 Rb3+ 38.Ka2 Rd3 39.Kb2 Rb3+ 40.Ka1 c3 41.f4 h5 42.g3 Ke6
43.Re1+ Kd5 44.Rd1+ Kc4 45.d7 c2 46.Rd4+ Kb5 47.Rd5+ Ka6 48.Rd6+ Kb7 49.Rb6+ Kc7  0-1

[Event "SportAccord Rapid Men 2013"]
[Site "Beijing CHN"]
[Date "2013.12.12"]
[Round "3.8"]
[White "Mamedyarov,S"]
[Black "Ponomariov,R"]
[Result "1-0"]
[WhiteElo "2757"]
[BlackElo "2731"]

1.d4 d5 2.c4 c6 3.Nc3 dxc4 4.e3 b5 5.a4 b4 6.Ne4 Qd5 7.Ng3 Nf6 8.Be2 g6 9.Nf3 Bg7
10.O-O Ba6 11.Bd2 h5 12.h4 c3 13.bxc3 bxc3 14.Bxc3 O-O 15.Bxa6 Nxa6 16.Qe2 Nc7
17.e4 Qd7 18.Ne5 Qe8 19.Qc4 Kh7 20.Nxc6 Ng4 21.d5 Bxc3 22.Qxc3 f5 23.f3 Nf6
24.Qe5 Qd7 25.Qxe7+ Qxe7 26.Nxe7 fxe4 27.fxe4 Nd7 28.Rac1 Na6 29.Rxf8 Rxf8
30.Rc6 Nac5 31.e5 Nd3 32.e6 N7e5 33.Rc8 Rf4 34.Rc7  1-0

[Event "SportAccord Rapid Men 2013"]
[Site "Beijing CHN"]
[Date "2013.12.13"]
[Round "5.5"]
[White "Mamedyarov,S"]
[Black "Aronian,L"]
[Result "1-0"]
[WhiteElo "2757"]
[BlackElo "2803"]

1.d4 Nf6 2.c4 g6 3.Nc3 Bg7 4.Nf3 d6 5.g3 O-O 6.Bg2 Nc6 7.O-O Rb8 8.e4 Bg4
9.Be3 a6 10.Qd2 b5 11.cxb5 axb5 12.e5 Ne8 13.e6 fxe6 14.Ng5 Na5 15.h3 Nc4
16.Qe1 Bf5 17.g4 h6 18.gxf5 hxg5 19.fxg6 Rf6 20.Bxg5 Rxg6 21.h4 d5 22.Qe2 b4
23.Na4 Bxd4 24.Qd3 Rxg5 25.hxg5 c5 26.Rae1 Ng7 27.Qh3 Kf7 28.b3 Nd2 29.g6+ Ke8
30.Rd1 Nxf1 31.Rxd4 Qd6 32.Rd1 Nf5 33.Bxd5 Nd4 34.Rxd4 cxd4 35.Bxe6 Kd8 36.g7 Kc7
37.Kxf1 d3 38.Qg3 d2 39.Nb2  1-0

[Event "SportAccord Rapid Men 2013"]
[Site "Beijing CHN"]
[Date "2013.12.13"]
[Round "6.3"]
[White "Wang Yue"]
[Black "Mamedyarov,S"]
[Result "1-0"]
[WhiteElo "2723"]
[BlackElo "2757"]

1.c4 e5 2.g3 Nf6 3.Bg2 d5 4.cxd5 Nxd5 5.Nc3 Nb6 6.Nf3 Nc6 7.O-O Be7 8.d3 O-O
9.Be3 Be6 10.Rc1 f5 11.a3 f4 12.Bd2 Qd7 13.Ne4 Rf5 14.b4 fxg3 15.Nxg3 Rff8
16.b5 Nd8 17.Nxe5 Qxb5 18.f4 c6 19.Rb1 Qc5+ 20.Kh1 Qxa3 21.f5 Ba2 22.Ra1 Qb2
23.Ng4 Nd7 24.Ne4 Bd5 25.Bc3 Qb6 26.Qd2 c5 27.Qe3 Nf7 28.f6 Bxe4 29.Bxe4 gxf6
30.Bd5 Ne5 31.Bxe5 fxe5  1-0

[Event "SportAccord Basque Men 2013"]
[Site "Beijing CHN"]
[Date "2013.12.17"]
[Round "1.1"]
[White "Mamedyarov,S"]
[Black "Le Quang Liem"]
[Result "1-0"]
[WhiteElo "2757"]
[BlackElo "2703"]

1.Nf3 d5 2.d4 Nf6 3.c4 c6 4.Nbd2 Bf5 5.Nh4 Be6 6.e3 g6 7.Qb3 Qc7 8.Qc2 Bg7
9.cxd5 Nxd5 10.Nb3 O-O 11.Bd2 a5 12.a3 Bc8 13.Bc4 Rd8 14.Nf3 b6 15.e4 a4
16.Bxd5 e6 17.Bc4 axb3 18.Bxb3 Ba6 19.Be3 c5 20.d5 exd5 21.Bxd5 Nc6 22.O-O-O Bb5
23.Ng5 Rf8 24.f4 Ba4 25.Bb3 Nd4 26.Bxd4 Qxf4+ 27.Kb1 Bxb3 28.Qxb3 Qxg5 29.Bxg7 Kxg7
30.g3 Qe5 31.Rhe1 Rad8 32.Ka2 h5 33.Rf1 Rxd1 34.Rxd1 Rb8 35.Rd7 Qe8 36.Qd5 Kg8
37.Rd6 Kg7 38.e5 Qf8 39.Rd7 Re8 40.e6 Re7 41.Rd8 Re8 42.Qe5+ Kg8 43.e7 Rxd8
44.exf8=Q+ Kxf8 45.Qf6  1-0